Džamál Džum'a (Irak)

Bibliographic Details
Format: Article
Language:Slovak
PhysicalDescription:Fotogr.
ISSN:0231-6269
Subjects:

MARC

LEADER 00000nab a2200000 a 4500
001 vtls009628104
003 SK-MaSNL
005 20260304152346.0
008 250506c2009 xo |r|p|||||||000 b|slo
015 |a SNBRB2009/07  |2 snkbucl 
035 |a (uuid)d7859cec-098b-4880-82c2-dd4d4cf23961 
035 |a urn:nbn:sk:snk-abc4zb 
035 |a (urnnbn)urn:nbn:sk:snk:ar-004fuh 
038 |a SNKBUCL 
040 |a SNKBUCL  |b slo  |c SNKBUCL  |e AACR2 
041 0 |a slo 
044 |a xo  |c SK 
080 |a 82:929:821.411.21 (567)  |2 2001 
080 |a 821.411.21 (567):929  |2 2001 
080 |a 929 Džum'a, Džamál  |2 2001 
245 0 0 |a Džamál Džum'a  |b (Irak) 
300 |b Fotogr. 
600 1 7 |a Džum'a, Džamál,  |d 1956-  |2 snkbucl  |9 1474610 
655 7 |a profily  |2 snkbucl  |9 341977 
773 0 |t Revue svetovej literatúry  |g Roč. XLV, č. 2 (2009), s. 62  |x 0231-6269 
850 |a Slovenská národná knižnica 
852 |a Slovenská národná knižnica 
958 |a article15 
958 |a OND 
958 |a LX 
958 |a IQ 
958 |a BC 
958 |a EUIPO 
999 |c 2948547  |d 2950477